000 01183nam a2200337 i 4500
001 000013168
003 DO-SdBNP
005 20250224084232.0
007 ta
008 091120s1996 dr 000 j spa d
040 _aDO-SdBNP
_bspa
_cBNPHU
_erda
041 _aspa
082 4 _aRD863.44
_bT266r
_222
100 1 _aTejada Holguín, Ramón,
_d1961-
_eautor
_4aut.
_929856
245 1 3 _aEl recurso de la cámara lenta /
_cRamón Tejada Holguín ; edición, Enfry W. Taveras.
264 4 _aSanto Domingo, República Domicana :
_bBiblioteca Nacional,
_c©1996.
300 _a129 páginas ;
_c21 cm.
336 _atexto
_btxt
_2rdacontent
337 _asin mediación
_bn
_2rdamedia
338 _avolumen
_bnc
_2rdacarrier
490 1 _aColección Orfeo (2da. Etapa)
490 1 _aSerie Cuento
_v2
500 _aIncluye datos biográficos del autor en las solapas
590 _aInventariado, 2023/MFF
650 4 _aCuentos dominicanos
_9176
650 4 _aLiteratura dominicana.
_967
700 1 _aTaveras, Enfry W.,
_eedición
_4ed.
_986962
830 0 _aColección Orfeo (2da. Etapa)
_pSerie Cuento
_n2
_930254
910 _aValidado, Control de calidad MFF
942 _2ddc
_cLBS1
999 _c12807
_d12807